Szczecin - linia 1 - Statystyki

Ogólne statystyki
  • Ten quiz został rozwiązany 82 razy
  • Średni wynik to 11 z 19
Statystyki odpowiedzi
Hint Odpowiedź % Poprawnych
Przystanek 1 (początkowy/końcowy) Osiedle Zawadzkiego
88%
Przystanek 4 Rondo Olszewskiego
74%
Przystanek 2 Szafera
73%
Przystanek 19 (początkowy/końcowy) Pomorzany
71%
Przystanek 7 Łękno
70%
Przystanek 3 Arena Szczecin
64%
Przystanek 9 Piotra Skargi
64%
Przystanek 8 Bogumiły
61%
Przystanek 12 Plac Kościuszki
59%
Przystanek 6 Unii Lubelskiej
59%
Przystanek 10 Felczaka
56%
Przystanek 13 Narutowicza
55%
Przystanek 14 Szwoleżerów
53%
Przystanek 11 Piastów
52%
Przystanek 15 Plac Szyrockiego
42%
Przystanek 17 Szpitalna
42%
Przystanek 18 Frysztacka
41%
Przystanek 16 Starkiewicza
38%
Przystanek 5 Zajezdnia Pogodno nż
36%
Nie znaleziono quizów pasujących do podanych kryteriów
Rozkład punktacji
Procent ludzi z każdym wynikiem
Percentyl według liczby udzielonych odpowiedzi
Twoja historia wyników
Nie rozwiązałeś tego quizu